{"text_format":"3","workbook":"xlsx","n_sheets":1,"sheets":["t473"],"read":"whole","date_system":"1900"}

{"sheet":"t473","index":0,"n_rows":193,"n_cols":7,"rows_kept":193,"merged":[[0,0,0,6],[30,0,30,5],[46,0,46,5],[153,0,153,5]]}
["TABELA 473.1 - Estatísticas Agrícolas, Município de Restinga, Estado de São Paulo, 2007/08."]
["ITEM","UNIDADE","N.DE UPAs","MÍNIMO","MÉDIO","MÁXIMO","TOTAL"]
["Distância à sede do município","km",345,0.5,12.5,{"v":30,"d":"30.0"},"-"]
["Área total","hectare",345,1.7,{"v":97.35,"d":"97.4"},{"v":1606.6,"d":"1,606.6"},{"v":33586.5,"d":"33,586.5"}]
["Área com cultura perene","hectare",83,0.5,29.8,{"v":280,"d":"280.0"},{"v":2473.4,"d":"2,473.4"}]
["Área com cultura temporária","hectare",217,0.3,{"v":71.45,"d":"71.5"},{"v":830,"d":"830.0"},{"v":15505.4,"d":"15,505.4"}]
["Área com pastagem","hectare",311,0.7,{"v":29.44,"d":"29.4"},513.9,{"v":9156.3,"d":"9,156.3"}]
["Área com reflorestamento","hectare",60,0.3,{"v":4.05,"d":"4.1"},{"v":36,"d":"36.0"},{"v":243,"d":"243.0"}]
["Área com vegetação natural","hectare",174,0.3,{"v":30.89,"d":"30.9"},820.7,{"v":5374,"d":"5,374.0"}]
["Área com vegetação de brejo e várzea","hectare",12,0.3,{"v":10.98,"d":"11.0"},{"v":30,"d":"30.0"},131.7]
["Área em descanso","hectare",1,{"v":4,"d":"4.0"},{"v":4,"d":"4.0"},{"v":4,"d":"4.0"},{"v":4,"d":"4.0"}]
["Área complementar","hectare",246,0.1,{"v":2.84,"d":"2.8"},159.6,698.7]
["Área das UPAs com (0, 1] ha","hectare","-","-","-","-","-"]
["Área das UPAs com (1, 2] ha","hectare",1,1.7,1.7,1.7,1.7]
["Área das UPAs com (2, 5] ha","hectare",5,2.9,{"v":4.32,"d":"4.3"},{"v":5,"d":"5.0"},21.6]
["Área das UPAs com (5, 10] ha","hectare",7,6.5,{"v":9.11,"d":"9.1"},9.9,63.8]
["Área das UPAs com (10, 20] ha","hectare",171,10.5,{"v":13.07,"d":"13.1"},{"v":20,"d":"20.0"},{"v":2235.6,"d":"2,235.6"}]
["Área das UPAs com (20, 50] ha","hectare",31,20.2,{"v":31.26,"d":"31.3"},48.3,969.2]
["Área das UPAs com (50, 100] ha","hectare",39,{"v":51,"d":"51.0"},{"v":68.69,"d":"68.7"},99.2,{"v":2678.8,"d":"2,678.8"}]
["Área das UPAs com (100, 200] ha","hectare",47,102.1,{"v":146.21,"d":"146.2"},199.6,{"v":6872.1,"d":"6,872.1"}]
["Área das UPAs com (200, 500] ha","hectare",32,{"v":202,"d":"202.0"},{"v":312.33,"d":"312.3"},493.6,{"v":9994.5,"d":"9,994.5"}]
["Área das UPAs com (500, 1.000] ha","hectare",8,506.4,{"v":690.48,"d":"690.5"},980.3,{"v":5523.8,"d":"5,523.8"}]
["Área das UPAs com (1.000, 2.000] ha","hectare",4,{"v":1036,"d":"1,036.0"},{"v":1306.35,"d":"1,306.4"},{"v":1606.6,"d":"1,606.6"},{"v":5225.4,"d":"5,225.4"}]
["Área das UPAs com (2.000, 5.000] ha","hectare","-","-","-","-","-"]
["Área das UPAs com (5.000, 10.000] ha","hectare","-","-","-","-","-"]
["Área das UPAs acima de 10.000 ha","hectare","-","-","-","-","-"]
["Familiares do proprietário que trabalham na UPA","unidade",327,{"v":1,"d":"1.0"},{"v":1.63,"d":"1.6"},{"v":8,"d":"8.0"},{"v":534,"d":"534.0"}]
["Trabalhadores permanentes","unidade",128,{"v":1,"d":"1.0"},{"v":3.24,"d":"3.2"},{"v":30,"d":"30.0"},{"v":415,"d":"415.0"}]
["Fonte: Secretaria de Agricultura e Abastecimento, CDRS/IEA, Projeto LUPA."]
[]
["TABELA 473.2 - Explorações Animais, Município de Restinga, Estado de São Paulo, 2007/08."]
["ITEM","UNIDADE","N.DE UPAs","MÍNIMO","MÉDIO","MÁXIMO","TOTAL"]
["Asininos E Muares","cabeças",14,{"v":1,"d":"1.0"},{"v":2.57,"d":"2.6"},{"v":15,"d":"15.0"},{"v":36,"d":"36.0"}]
["Avicultura de Corte","cabeças/ano",18,{"v":10,"d":"10.0"},{"v":5603.22,"d":"5,603.2"},{"v":100000,"d":"100,000.0"},{"v":100858,"d":"100,858.0"}]
["Avicultura Ornamental/Decorativa/Exótica","cabeças",98,{"v":1,"d":"1.0"},{"v":46.71,"d":"46.7"},{"v":270,"d":"270.0"},{"v":4578,"d":"4,578.0"}]
["Avicultura para Ovos","cabeças",4,{"v":10,"d":"10.0"},{"v":82,"d":"82.0"},{"v":150,"d":"150.0"},{"v":328,"d":"328.0"}]
["Bovinocultura de Corte","cabeças",4,{"v":12,"d":"12.0"},{"v":248.75,"d":"248.8"},{"v":600,"d":"600.0"},{"v":995,"d":"995.0"}]
["Bovinocultura Leiteira","cabeças",5,{"v":1,"d":"1.0"},138.2,{"v":600,"d":"600.0"},{"v":691,"d":"691.0"}]
["Bovinocultura Mista","cabeças",201,{"v":1,"d":"1.0"},{"v":48.01,"d":"48.0"},{"v":330,"d":"330.0"},{"v":9651,"d":"9,651.0"}]
["Equinocultura","cabeças",144,{"v":1,"d":"1.0"},{"v":4.77,"d":"4.8"},{"v":100,"d":"100.0"},{"v":687,"d":"687.0"}]
["Outra Exploração Animal","cabeças",1,{"v":5,"d":"5.0"},{"v":5,"d":"5.0"},{"v":5,"d":"5.0"},{"v":5,"d":"5.0"}]
["Ovinocultura","cabeças",13,{"v":2,"d":"2.0"},{"v":42,"d":"42.0"},{"v":200,"d":"200.0"},{"v":546,"d":"546.0"}]
["Piscicultura","m² tanques",6,{"v":100,"d":"100.0"},{"v":2191.67,"d":"2,191.7"},{"v":4000,"d":"4,000.0"},{"v":13150,"d":"13,150.0"}]
["Suinocultura","cabeças",90,{"v":1,"d":"1.0"},{"v":9.12,"d":"9.1"},{"v":100,"d":"100.0"},{"v":821,"d":"821.0"}]
["Fonte: Secretaria de Agricultura e Abastecimento, CDRS/IEA, Projeto LUPA."]
[]
["TABELA 473.3 -  Máquinas, Implementos e Benfeitorias, Município de Restinga, Estado de São Paulo, 2007/08."]
["ITEM","UNIDADE","N.DE UPAs","MÍNIMO","MÉDIO","MÁXIMO","TOTAL"]
["Arado Comum (Bacia, Aiveca)","Unidade",64,{"v":1,"d":"1.0"},1.2,{"v":3,"d":"3.0"},{"v":77,"d":"77.0"}]
["Arado Escarificador","Unidade",15,{"v":1,"d":"1.0"},{"v":1.13,"d":"1.1"},{"v":3,"d":"3.0"},{"v":17,"d":"17.0"}]
["Arado Subsolador","Unidade",20,{"v":1,"d":"1.0"},1.1,{"v":2,"d":"2.0"},{"v":22,"d":"22.0"}]
["Batedeira de Cereais","Unidade",8,{"v":1,"d":"1.0"},{"v":1.13,"d":"1.1"},{"v":2,"d":"2.0"},{"v":9,"d":"9.0"}]
["Câmara Fria","Unidade",1,{"v":1,"d":"1.0"},{"v":1,"d":"1.0"},{"v":1,"d":"1.0"},{"v":1,"d":"1.0"}]
["Carregadeira de Cana","Unidade",1,{"v":1,"d":"1.0"},{"v":1,"d":"1.0"},{"v":1,"d":"1.0"},{"v":1,"d":"1.0"}]
["Colhedeira Acoplada","Unidade",4,{"v":1,"d":"1.0"},{"v":1,"d":"1.0"},{"v":1,"d":"1.0"},{"v":4,"d":"4.0"}]
["Colhedeira Automotriz","Unidade",6,{"v":1,"d":"1.0"},{"v":1.17,"d":"1.2"},{"v":2,"d":"2.0"},{"v":7,"d":"7.0"}]
["Computador","Unidade",4,{"v":1,"d":"1.0"},{"v":1.25,"d":"1.3"},{"v":2,"d":"2.0"},{"v":5,"d":"5.0"}]
["Conj.Irrigação Autopropelido","Unidade",3,{"v":1,"d":"1.0"},{"v":1,"d":"1.0"},{"v":1,"d":"1.0"},{"v":3,"d":"3.0"}]
["Conj.Irrigação Convencional","Unidade",6,{"v":1,"d":"1.0"},{"v":1,"d":"1.0"},{"v":1,"d":"1.0"},{"v":6,"d":"6.0"}]
["Conj.Irrigação/Gotejamento/Microaspersão","Unidade",5,{"v":1,"d":"1.0"},{"v":1,"d":"1.0"},{"v":1,"d":"1.0"},{"v":5,"d":"5.0"}]
["Conjunto de Fenação","Unidade",4,{"v":1,"d":"1.0"},{"v":1,"d":"1.0"},{"v":1,"d":"1.0"},{"v":4,"d":"4.0"}]
["Desintegrador de Palha (Plantio Direto)","Unidade",1,{"v":4,"d":"4.0"},{"v":4,"d":"4.0"},{"v":4,"d":"4.0"},{"v":4,"d":"4.0"}]
["Desintegrador, Picador, Triturador","Unidade",124,{"v":1,"d":"1.0"},{"v":1.39,"d":"1.4"},{"v":4,"d":"4.0"},{"v":172,"d":"172.0"}]
["Distribuidor de Calcário","Unidade",39,{"v":1,"d":"1.0"},{"v":1.36,"d":"1.4"},{"v":3,"d":"3.0"},{"v":53,"d":"53.0"}]
["Ensiladeira","Unidade",24,{"v":1,"d":"1.0"},{"v":1.33,"d":"1.3"},{"v":6,"d":"6.0"},{"v":32,"d":"32.0"}]
["Grade Aradora (Tipo Romi)","Unidade",30,{"v":1,"d":"1.0"},{"v":1.07,"d":"1.1"},{"v":2,"d":"2.0"},{"v":32,"d":"32.0"}]
["Grade Niveladora","Unidade",46,{"v":1,"d":"1.0"},{"v":1.17,"d":"1.2"},{"v":3,"d":"3.0"},{"v":54,"d":"54.0"}]
["Implementos para Tração Animal","Unidade",40,{"v":1,"d":"1.0"},{"v":1.83,"d":"1.8"},{"v":10,"d":"10.0"},{"v":73,"d":"73.0"}]
["Microtrator","Unidade",4,{"v":1,"d":"1.0"},{"v":1.75,"d":"1.8"},{"v":4,"d":"4.0"},{"v":7,"d":"7.0"}]
["Misturador de Ração","Unidade",10,{"v":1,"d":"1.0"},{"v":1,"d":"1.0"},{"v":1,"d":"1.0"},{"v":10,"d":"10.0"}]
["Ordenhadeira Mecânica","Unidade",11,{"v":1,"d":"1.0"},{"v":2.55,"d":"2.6"},{"v":10,"d":"10.0"},{"v":28,"d":"28.0"}]
["Pulverizador Tratorizado","Unidade",56,{"v":1,"d":"1.0"},{"v":1.84,"d":"1.8"},{"v":7,"d":"7.0"},{"v":103,"d":"103.0"}]
["Resfriador de Leite, Tanque Expansão","Unidade",24,{"v":1,"d":"1.0"},{"v":1.04,"d":"1.0"},{"v":2,"d":"2.0"},{"v":25,"d":"25.0"}]
["Semeadeira/Adubadeira para Plantio Convencional","Unidade",21,{"v":1,"d":"1.0"},{"v":1,"d":"1.0"},{"v":1,"d":"1.0"},{"v":21,"d":"21.0"}]
["Semeadeira/Plantadeira Plantio Direto","Unidade",22,{"v":1,"d":"1.0"},{"v":1.14,"d":"1.1"},{"v":2,"d":"2.0"},{"v":25,"d":"25.0"}]
["Terraceador","Unidade",4,{"v":1,"d":"1.0"},{"v":1,"d":"1.0"},{"v":1,"d":"1.0"},{"v":4,"d":"4.0"}]
["Trator de Esteiras","Unidade",4,{"v":1,"d":"1.0"},{"v":1,"d":"1.0"},{"v":1,"d":"1.0"},{"v":4,"d":"4.0"}]
["Trator de Pneus","Unidade",112,{"v":1,"d":"1.0"},{"v":2.09,"d":"2.1"},{"v":12,"d":"12.0"},{"v":234,"d":"234.0"}]
["Açude/Represa","Unidade",115,{"v":1,"d":"1.0"},{"v":1.77,"d":"1.8"},{"v":6,"d":"6.0"},{"v":204,"d":"204.0"}]
["Almoxarifado/Oficina","Unidade",59,{"v":1,"d":"1.0"},{"v":1.17,"d":"1.2"},{"v":3,"d":"3.0"},{"v":69,"d":"69.0"}]
["Armazém para Grãos Ensacados","Sacas",53,{"v":1,"d":"1.0"},{"v":1519.94,"d":"1,519.9"},{"v":5000,"d":"5,000.0"},{"v":80557,"d":"80,557.0"}]
["Balança para Bovinos","Unidade",11,{"v":1,"d":"1.0"},{"v":1.09,"d":"1.1"},{"v":2,"d":"2.0"},{"v":12,"d":"12.0"}]
["Balança para Veículos","Unidade",3,{"v":1,"d":"1.0"},{"v":1,"d":"1.0"},{"v":1,"d":"1.0"},{"v":3,"d":"3.0"}]
["Barracão para Granja/Avicultura","Unidade",18,{"v":1,"d":"1.0"},{"v":1.11,"d":"1.1"},{"v":2,"d":"2.0"},{"v":20,"d":"20.0"}]
["Barracão/Galpão/Garagem","Unidade",128,{"v":1,"d":"1.0"},{"v":1.51,"d":"1.5"},{"v":8,"d":"8.0"},{"v":193,"d":"193.0"}]
["Casa de Moradia Habitada","Unidade",283,{"v":1,"d":"1.0"},{"v":1.86,"d":"1.9"},{"v":23,"d":"23.0"},{"v":527,"d":"527.0"}]
["Casa de Moradia Total","Unidade",292,{"v":1,"d":"1.0"},{"v":2.47,"d":"2.5"},{"v":35,"d":"35.0"},{"v":722,"d":"722.0"}]
["Curral/Mangueira","Unidade",161,{"v":1,"d":"1.0"},{"v":1.16,"d":"1.2"},{"v":10,"d":"10.0"},{"v":186,"d":"186.0"}]
["Depósito/Tulha","Unidade",90,{"v":1,"d":"1.0"},{"v":1.16,"d":"1.2"},{"v":3,"d":"3.0"},{"v":104,"d":"104.0"}]
["Estábulo","Unidade",35,{"v":1,"d":"1.0"},{"v":1.06,"d":"1.1"},{"v":2,"d":"2.0"},{"v":37,"d":"37.0"}]
["Estufa/Plasticultura","m²",1,{"v":1,"d":"1.0"},{"v":1,"d":"1.0"},{"v":1,"d":"1.0"},{"v":1,"d":"1.0"}]
["Fábrica de Farinha","Unidade",1,{"v":1,"d":"1.0"},{"v":1,"d":"1.0"},{"v":1,"d":"1.0"},{"v":1,"d":"1.0"}]
["Fábrica de Ração","Unidade",3,{"v":1,"d":"1.0"},{"v":1,"d":"1.0"},{"v":1,"d":"1.0"},{"v":3,"d":"3.0"}]
["Instalações para Equinos","Unidade",15,{"v":1,"d":"1.0"},{"v":6.67,"d":"6.7"},{"v":30,"d":"30.0"},{"v":100,"d":"100.0"}]
["Máquina de Benefício","Unidade",26,{"v":1,"d":"1.0"},{"v":1.04,"d":"1.0"},{"v":2,"d":"2.0"},{"v":27,"d":"27.0"}]
["Olaria","Unidade",1,{"v":1,"d":"1.0"},{"v":1,"d":"1.0"},{"v":1,"d":"1.0"},{"v":1,"d":"1.0"}]
["Pocilga","Unidade",71,{"v":1,"d":"1.0"},{"v":1,"d":"1.0"},{"v":1,"d":"1.0"},{"v":71,"d":"71.0"}]
["Poço Semi-Artesiano","Unidade",20,{"v":1,"d":"1.0"},{"v":1.25,"d":"1.3"},{"v":3,"d":"3.0"},{"v":25,"d":"25.0"}]
["Secador de Grãos","Unidade",25,{"v":1,"d":"1.0"},{"v":1.64,"d":"1.6"},{"v":5,"d":"5.0"},{"v":41,"d":"41.0"}]
["Silo para Grãos","t",1,{"v":600,"d":"600.0"},{"v":600,"d":"600.0"},{"v":600,"d":"600.0"},{"v":600,"d":"600.0"}]
["Silo para Silagem","t",21,{"v":75,"d":"75.0"},{"v":452.62,"d":"452.6"},{"v":2000,"d":"2,000.0"},{"v":9505,"d":"9,505.0"}]
["Terreiro","m²",73,{"v":1,"d":"1.0"},{"v":2309.71,"d":"2,309.7"},{"v":12000,"d":"12,000.0"},{"v":168609,"d":"168,609.0"}]
["Fonte: Secretaria de Agricultura e Abastecimento, CDRS/IEA, Projeto LUPA."]
[]
["TABELA 473.4 - Outras Estatísticas Agrícolas, Município de Restinga, Estado de São Paulo, 2007/08."]
["ITEM","Número de UPAs",null,"Percentual"]
["Faz Parte de Associação de Produtores",98,null,{"v":28.32369942196532,"d":"28.3"}]
["Faz Parte de Cooperativa de Produtores",114,null,{"v":32.947976878612714,"d":"32.9"}]
["Faz Parte do Sindicato de Produtores",81,null,{"v":23.410404624277454,"d":"23.4"}]
["Não utiliza assistência técnica ",97,null,{"v":28.034682080924856,"d":"28.0"}]
["Utiliza somente assistência técnica governamental ",190,null,{"v":54.91329479768786,"d":"54.9"}]
["Utiliza somente assistência técnica privada ",8,null,{"v":2.3121387283236996,"d":"2.3"}]
["Utiliza assistência técnica tanto governamental quanto privada",51,null,{"v":14.739884393063583,"d":"14.7"}]
["Utiliza Crédito Rural",194,null,{"v":56.06936416184971,"d":"56.1"}]
["Utiliza Seguro Rural",14,null,{"v":4.046242774566474,"d":"4.0"}]
["Utiliza Escrituração Agrícola",128,null,{"v":36.99421965317919,"d":"37.0"}]
["Acessa Internet p/ Fins na Agropecuária",32,null,{"v":9.248554913294797,"d":"9.2"}]
["Utiliza Computador nas Atividades Agropecuárias",47,null,{"v":13.583815028901736,"d":"13.6"}]
["Utiliza Energia Elétrica Para Uso na Atividade Agrícola",311,null,{"v":89.88439306358381,"d":"89.9"}]
["Realiza Análise de Solo, quando necessário",143,null,{"v":41.32947976878612,"d":"41.3"}]
["Utiliza Práticas de Conservação de Solo, quando necessário",174,null,{"v":50.289017341040456,"d":"50.3"}]
["Faz Adubação Mineral, quando necessário",212,null,{"v":61.27167630057804,"d":"61.3"}]
["Faz Adubação Orgânica, quando necessário",153,null,{"v":44.21965317919075,"d":"44.2"}]
["Faz Adubação Verde, quando necessário",1,null,{"v":0.2890173410404624,"d":"0.3"}]
["Utiliza Manejo Integrado de Pragas (MIP)",2,null,{"v":0.5780346820809248,"d":"0.6"}]
["Utiliza Hidroponia","-",null,"-"]
["Utiliza Plasticultura","-",null,"-"]
["Utiliza Mudas Fiscalizadas",140,null,{"v":40.46242774566474,"d":"40.5"}]
["Utiliza Semente Melhorada",110,null,{"v":31.791907514450866,"d":"31.8"}]
["Faz Confinamento de Bovinos",5,null,{"v":1.4450867052023122,"d":"1.4"}]
["Utiliza Pastejo Intensivo",9,null,{"v":2.6011560693641615,"d":"2.6"}]
["Faz Inseminação Artificial",12,null,{"v":3.468208092485549,"d":"3.5"}]
["Faz Mineralização do Rebanho",198,null,{"v":57.225433526011564,"d":"57.2"}]
["Faz Vermifugação do Rebanho",182,null,{"v":52.601156069364166,"d":"52.6"}]
["Possui Parceiros /Arrendatários na Exploração Animal",18,null,{"v":5.202312138728324,"d":"5.2"}]
["Esporte e lazer",1,null,{"v":0.2890173410404624,"d":"0.3"}]
["Extração mineral",2,null,{"v":0.5780346820809248,"d":"0.6"}]
["Hotel Fazenda, Pousada ou SPA",1,null,{"v":0.2890173410404624,"d":"0.3"}]
["Pesque-pague","-",null,"-"]
["Restaurante ou Lanchonete",1,null,{"v":0.2890173410404624,"d":"0.3"}]
["Transformação artesanal","-",null,"-"]
["Turismo rural ou ecoturismo",1,null,{"v":0.2890173410404624,"d":"0.3"}]
["Outras atividades econômicas rurais",67,null,{"v":19.36416184971098,"d":"19.4"}]
["Agroindústria","-",null,"-"]
["Proprietário sem instrução ou com instrução incompleta",33,null,{"v":9.53757225433526,"d":"9.5"}]
["Proprietário com antigo primário completo",72,null,{"v":20.809248554913292,"d":"20.8"}]
["Proprietário com 1° grau (ou antigo ginasial) completo",38,null,{"v":10.982658959537572,"d":"11.0"}]
["Proprietário com 2° grau (ou antigo colegial) completo",77,null,{"v":22.254335260115607,"d":"22.3"}]
["Proprietário com curso superior completo ",121,null,{"v":34.971098265895954,"d":"35.0"}]
["Pessoa Jurídica",4,null,{"v":1.1560693641618496,"d":"1.2"}]
["Proprietário residente na própria UPA ",165,null,{"v":47.6878612716763,"d":"47.7"}]
["Fonte: Secretaria de Agricultura e Abastecimento, CDRS/IEA, Projeto LUPA."]
[]
["TABELA 473.5 - Área Cultivada, Município de Restinga, Estado de São Paulo, 2007/08."]
["CULTURA","N.DE UPAs","MÍNIMO","MÉDIO","MÁXIMO","TOTAL"]
["Cana-de-acucar",133,0.3,{"v":111.28,"d":"111.3"},{"v":830,"d":"830.0"},{"v":14799.7,"d":"14,799.7"}]
["Braquiaria",307,0.5,{"v":27.95,"d":"28.0"},513.9,{"v":8581.6,"d":"8,581.6"}]
["Cafe",75,0.5,{"v":31.37,"d":"31.4"},{"v":280,"d":"280.0"},{"v":2353.1,"d":"2,353.1"}]
["Milho",85,0.3,{"v":5.93,"d":"5.9"},78.9,504.1]
["Gramas",15,{"v":1,"d":"1.0"},{"v":22.01,"d":"22.0"},156.5,330.2]
["Eucalipto",60,0.3,{"v":3.98,"d":"4.0"},{"v":36,"d":"36.0"},{"v":239,"d":"239.0"}]
["Capim-jaragua",1,174.8,174.8,174.8,174.8]
["Soja",2,{"v":35,"d":"35.0"},51.4,67.8,102.8]
["Laranja",1,{"v":100,"d":"100.0"},{"v":100,"d":"100.0"},{"v":100,"d":"100.0"},{"v":100,"d":"100.0"}]
["Mandioca",36,0.5,{"v":1.38,"d":"1.4"},{"v":6,"d":"6.0"},49.5]
["Coloniao",6,{"v":1,"d":"1.0"},{"v":4.33,"d":"4.3"},{"v":7,"d":"7.0"},{"v":26,"d":"26.0"}]
["Arroz",24,0.5,{"v":0.93,"d":"0.9"},{"v":2,"d":"2.0"},22.3]
["Capim-napier (ou capim-elefante)",10,0.5,{"v":2.22,"d":"2.2"},{"v":5,"d":"5.0"},22.2]
["Capim-gordura",2,10.5,{"v":10.75,"d":"10.8"},{"v":11,"d":"11.0"},21.5]
["Feijao",16,0.2,{"v":0.72,"d":"0.7"},2.5,11.5]
["Sorgo",1,{"v":10,"d":"10.0"},{"v":10,"d":"10.0"},{"v":10,"d":"10.0"},{"v":10,"d":"10.0"}]
["Pessego",1,{"v":10,"d":"10.0"},{"v":10,"d":"10.0"},{"v":10,"d":"10.0"},{"v":10,"d":"10.0"}]
["Pinus",1,{"v":4,"d":"4.0"},{"v":4,"d":"4.0"},{"v":4,"d":"4.0"},{"v":4,"d":"4.0"}]
["Seringueira",1,{"v":4,"d":"4.0"},{"v":4,"d":"4.0"},{"v":4,"d":"4.0"},{"v":4,"d":"4.0"}]
["Banana",4,0.5,{"v":0.63,"d":"0.6"},{"v":1,"d":"1.0"},2.5]
["Milho-doce",1,{"v":2,"d":"2.0"},{"v":2,"d":"2.0"},{"v":2,"d":"2.0"},{"v":2,"d":"2.0"}]
["Bucha",3,0.5,{"v":0.67,"d":"0.7"},{"v":1,"d":"1.0"},{"v":2,"d":"2.0"}]
["Abobora (ou jerimum)",2,0.6,0.8,{"v":1,"d":"1.0"},1.6]
["Manga",2,0.5,{"v":0.75,"d":"0.8"},{"v":1,"d":"1.0"},1.5]
["Tomate envarado",2,0.5,{"v":0.75,"d":"0.8"},{"v":1,"d":"1.0"},1.5]
["Maracuja",2,0.3,{"v":0.65,"d":"0.7"},{"v":1,"d":"1.0"},1.3]
["Outras olericolas",1,1.3,1.3,1.3,1.3]
["Tangerina",2,0.5,0.5,0.5,{"v":1,"d":"1.0"}]
["Quiabo",2,0.3,{"v":0.45,"d":"0.5"},0.6,0.9]
["Limao",2,0.3,0.4,0.5,0.8]
["Jilo",2,0.2,{"v":0.25,"d":"0.3"},0.3,0.5]
["Cacau",1,0.5,0.5,0.5,0.5]
["Repolho",1,0.3,0.3,0.3,0.3]
["Pepino",1,0.3,0.3,0.3,0.3]
["Berinjela",1,0.3,0.3,0.3,0.3]
["Horta domestica",1,0.3,0.3,0.3,0.3]
["Batata-doce",1,0.2,0.2,0.2,0.2]
["Fonte: Secretaria de Agricultura e Abastecimento, CDRS/IEA, Projeto LUPA."]